| 000 | 01000cam a22003135a 4500 | ||
|---|---|---|---|
| 001 | 017036033 | ||
| 003 | Uk | ||
| 005 | 20161208101104.0 | ||
| 008 | 150128s2014 ii a fr 001 0 eng d | ||
| 015 |
_aGBB512061 _2bnb |
||
| 016 | 7 |
_a017036033 _2Uk |
|
| 020 | _a9780198094746 (pbk.) | ||
| 020 | _a0198094744 (pbk.) | ||
| 040 |
_aStDuBDS _beng _cStDuBDS _dUk _dEG-ScBUE |
||
| 082 | 0 | 4 |
_222 _a621.3813 _bDAS |
| 100 | 1 |
_aDas, Sushrut‏. _941713 |
|
| 245 | 1 | 0 |
_aMicrowave engineering / _cSushrut Das. |
| 260 |
_aNew Delhi : _bOxfrd University Press, _c2014. |
||
| 300 |
_axxii, 965 p. : _bill. (black and white) ; _c24 cm. |
||
| 500 | _aFirst Published :2014. | ||
| 500 | _aIndex : p. 955-965. | ||
| 504 | _aBibliography : p. 953-954. | ||
| 590 | _aWessam | ||
| 650 | 7 |
_aMicrowave devices. _2BUEsh _99179 |
|
| 651 | _2BUEsh | ||
| 653 |
_bENGELC _cDecember2016 |
||
| 856 |
_uhttps://india.oup.com/orcs/9780198094746/ _yOnline resources for teachers and students |
||
| 942 |
_2ddc _e22 _k621.3813 DAS |
||
| 999 |
_c23510 _d23482 |
||